La píldora y el control de natalidad (Record no. 189795)

MARC details
000 -LEADER
campo de control de longitud fija 00853nam a2200205 i 4500
001 - NÚMERO DE CONTROL
campo de control 189795
003 - IDENTIFICADOR DE NÚMERO DE CONTROL
campo de control ES-MaACL
005 - FECHA Y HORA DE LA ÚLTIMA TRANSACCIÓN
campo de control 20230906223546.0
008 - DATOS DE LONGITUD FIJA--INFORMACIÓN GENERAL
campo de control de longitud fija 191126s1966 sp |||| | spa d
100 1# - ENTRADA PRINCIPAL--NOMBRE DE PERSONA
Nombre de persona Pyle, Leo .
9 (RLIN) 168895
245 13 - MENCIÓN DEL TÍTULO
Título La píldora y el control de natalidad
Resto del título : documentación sobre un debate católico, incluyendo declaraciones, artículos y cartas de papas, obispos, sacerdotes y seglares casados y solteros /
Mención de responsabilidad, etc. Leo Pyle ; [traducción, María Rosario Sanagustín].
260 ## - PUBLICACIÓN, DISTRIBUCIÓN, ETC.
Lugar de publicación, distribución, etc. Barcelona :
Nombre del editor, distribuidor, etc. Dima,
Fecha de publicación, distribución, etc. 1966.
300 ## - DESCRIPCIÓN FÍSICA
Extensión 234 p. ;
Dimensiones 23 cm.
490 1# - MENCIÓN DE SERIE
Mención de serie Colección "Nuestros días" ;
Designación de volumen o secuencia 1
650 00 - PUNTO DE ACCESO ADICIONAL DE MATERIA--TÉRMINO DE MATERIA
Término de materia o nombre geográfico como elemento de entrada Control de natalidad-
Subdivisión general Aspectos religiosos.
9 (RLIN) 11339
700 1# - ENTRADA AGREGADA--NOMBRE PERSONAL
Nombre de persona Sanagustín, María Rosario.
9 (RLIN) 102323
830 0# - PUNTO DE ACCESO ADICIONAL DE SERIE-TÍTULO UNIFORME
Título uniforme Colección "Nuestros días" ;
Designación de volumen o secuencia 1
9 (RLIN) 193408
852 ## - LOCALIZACIÓN
Ubicación ES-MaACL
Número de control de estantería P-1091-1
Holdings
Estatus retirado Estado de pérdida Estado de daño No para préstamo Biblioteca de origen Biblioteca actual Ubicación en estantería Fecha de adquisición Fuente de adquisición Total de préstamos Signatura topográfica completa Código de barras Visto por última vez Precio de reemplazo Tipo de ítem Koha
        Biblioteca del Ateneo de Madrid Biblioteca del Ateneo de Madrid Depósito 2 26/11/2019     P-1091-1 1201304 23/02/2023 23/02/2023 Libro impreso